Statistics for Word Vocabulary - SLA

Click here to take the quiz!

General Stats

  • This quiz has been taken 46 times
  • The average score is 12 of 15

Answer Stats

word% Correct
slam
100%
slat
97%
slap
95%
slaw
92%
slack
89%
slay
89%
slab
86%
slag
86%
slate
78%
slave
76%
slant
70%
slain
68%
slash
62%
slake
54%
slang
51%

Score Distribution

Percentile by Number Answered

Percent of People with Each Score

Your Score History

You have not taken this quiz